000 00554nam a2200181Ia 4500
008 100920s9999 xx 000 0 und d
082 _b92713
_a--- न 05
100 _aकाळे वैजयंती.
245 _aवारस.
260 _bनंदादीप बुक सर्व्हिसेस्र, सोलापूर.
_c2005
300 _a240
_bसाधी
365 _b225
520 _aकादंबरी.
630 _aवारस.
650 _aकादंबरी.
730 _aवारस.
942 _cBOOK
999 _c733156
_d733153